response of maize to n, p , k fertilizer application on sandy soil of basic lowlands rice (ការឆ្លើយតបនៃដំណាំពោតទៅនឹងការប្រើប្រាស់ជីអាសូត ផូស្វ័រ​ និងប៉ូតាស្យូម​ នៅលើដីខ្សាច់ខ្សត់ជីជាតិនៃតំបន់ទំនាបដាំស្រូវជាមូលដ្ឋាន ) (Record no. 618)

000 -LEADER
fixed length control field 00812nam a22001577a 4500
003 - CONTROL NUMBER IDENTIFIER
control field OSt
005 - DATE AND TIME OF LATEST TRANSACTION
control field 20150917102046.0
008 - FIXED-LENGTH DATA ELEMENTS--GENERAL INFORMATION
fixed length control field 150917b xxu||||| |||| 00| 0 eng d
040 ## - CATALOGING SOURCE
Transcribing agency RUA
082 ## - DEWEY DECIMAL CLASSIFICATION NUMBER
Classification number AGR TUO 2004 B030 Or.1
100 ## - MAIN ENTRY--PERSONAL NAME
9 (RLIN) 646
Personal name TUOTH, DANY.
245 ## - TITLE STATEMENT
Title response of maize to n, p , k fertilizer application on sandy soil of basic lowlands rice (ការឆ្លើយតបនៃដំណាំពោតទៅនឹងការប្រើប្រាស់ជីអាសូត ផូស្វ័រ​ និងប៉ូតាស្យូម​ នៅលើដីខ្សាច់ខ្សត់ជីជាតិនៃតំបន់ទំនាបដាំស្រូវជាមូលដ្ឋាន )
260 ## - PUBLICATION, DISTRIBUTION, ETC. (IMPRINT)
Place of publication, distribution, etc. Phnom Penh
Name of publisher, distributor, etc. RUA
Date of publication, distribution, etc. 2004
300 ## - PHYSICAL DESCRIPTION
Extent 56p.
Other physical details ill.
Dimensions 29cm.
942 ## - ADDED ENTRY ELEMENTS (KOHA)
Source of classification or shelving scheme
Koha item type AGR
Holdings
Price effective from Date last seen Permanent Location Not for loan Date acquired Source of classification or shelving scheme Koha item type Lost status Withdrawn status Total Renewals Date last checked out Total Checkouts Shelving location Damaged status Barcode Current Location Full call number
2015-09-172024-12-23Library Block B 2015-09-17 AGR   2024-12-045B030 RUA001418Library Block BAGR TUO 2004 B030 Or.1
2015-09-182025-01-06Library Block B 2015-09-18 AGR   2024-12-162  RUA001311Library Block BAGR TUO 2004 B030 Or.2
2015-09-182024-01-30Library Block B 2015-09-18 AGR   2023-12-297  RUA001244Library Block BAGR TUO 2004 B030 Or.3
2016-01-262023-06-16Library Block B 2016-01-26 AGR  12023-05-268  RUA052330Library Block BAGR TUO 2004 B030 Or.4
មជ្ឈមណ្ឌលឯការនៃសាកលវិទ្យាល័យភូមិន្ទកសិកម្មចំការដូង

Powered by Koha